| 000 | 00371cam a2200145ua 4500 | ||
|---|---|---|---|
| 003 | OSt | ||
| 008 | 250101b |||||||| |||| 00| 0 eng d | ||
| 041 | _aeng | ||
| 082 |
_a621.367 _bBHA/FU |
||
| 100 |
_aBhatia, S C . _93253 |
||
| 245 | _aFundamentals of remote sensing / | ||
| 260 |
_a : _bAtlantic publishers and distributers , _c2008. |
||
| 300 | _a ; . | ||
| 942 | _cBK | ||
| 999 |
_c13412 _d13412 |
||